College Quizbowl Stats
College Quizbowl Stats
Circuits
Seasons
Sets
Records
Detailed Stats
About
Loading...
Upstate NY
Tossups
Bonuses
Players
Teams
Categories (Tossup)
Categories (Bonus)
Iris Liang
Cornell D
Categories
Category
Powers
Gets
Negs
BBs
Points
Earliest Buzz
Avg. Buzz
First Buzzes
Top 3 Buzzes
History - European History
0
1
0
0
10
87
87.00
0
1
Literature - American Literature
0
1
0
0
10
134
134.00
0
1
Philosophy
0
1
0
0
10
137
137.00
0
1
Literature - British Literature
0
0
1
0
-5
0.00
0
0
Social Science
0
0
1
0
-5
0.00
0
0
Buzzes
Category
Answer
Value
Buzz Position
Social Science
liberalism
-5
64
History - European History
Egypt
10
87
Literature - British Literature
letters
-5
107
Literature - American Literature
Jhumpa Lahiri
10
134
Philosophy
nature
10
137
Previous
1
Next